|
|
|
|
| LEADER |
00000nam0a2200000 4500 |
| 001 |
162592 |
| 005 |
20231101222331.0 |
| 035 |
|
|
|a (RuTPU)RU\TPU\book\176343
|
| 090 |
|
|
|a 162592
|
| 100 |
|
|
|a 20090624d1972 m y0rusy50 ca
|
| 101 |
0 |
|
|a rus
|
| 102 |
|
|
|a UA
|
| 105 |
|
|
|a a j 001zy
|
| 200 |
1 |
|
|a Основы надежности машин
|e тексты лекций
|f В. В. Рвачев
|g Одесский политехнический институт
|
| 210 |
|
|
|a Одесса
|d 1972
|
| 215 |
|
|
|a 112 с.
|c ил.
|
| 320 |
|
|
|a Библиогр.: с. 111.
|
| 610 |
1 |
|
|a машиноведение
|
| 610 |
1 |
|
|a машины
|
| 610 |
1 |
|
|a надежность
|
| 610 |
1 |
|
|a теория вероятностей
|
| 610 |
1 |
|
|a детали машин
|
| 610 |
1 |
|
|a безотказность
|
| 610 |
1 |
|
|a долговечность
|
| 610 |
1 |
|
|a механические системы
|
| 610 |
1 |
|
|a расчет
|
| 610 |
1 |
|
|a машиностроительные конструкции
|
| 610 |
1 |
|
|a испытание на надежность
|
| 610 |
1 |
|
|a лекции
|
| 610 |
1 |
|
|a учебные пособия
|
| 675 |
|
|
|a 621-192(075.8)
|v 3
|
| 700 |
|
1 |
|a Рвачев
|b В. В.
|
| 712 |
0 |
2 |
|a Одесский политехнический институт
|2 stltpush
|3 (RuTPU)RU\TPU\col\13993
|9 25846
|
| 801 |
|
1 |
|a RU
|b 63413507
|c 20090624
|g PSBO
|
| 801 |
|
2 |
|a RU
|b 63413507
|c 20100309
|g RCR
|
| 942 |
|
|
|c BK
|